| 000 | 00411nam a2200181Ia 4500 | ||
|---|---|---|---|
| 001 | 11276 | ||
| 005 | 20260306161934.0 | ||
| 008 | 260306t1978||||xx |||||||||||||| ||spa|| | ||
| 041 | _aESP | ||
| 082 |
_a985.02 _bP78 |
||
| 100 |
_aPorras Barrenechea, Raúl _eAUT |
||
| 245 | 0 | _aPizarro | |
| 260 | _c1978 | ||
| 300 |
_a686 páginas : _c21 cm. |
||
| 650 | _aGEN | ||
| 654 | _aCHU | ||
| 942 |
_cLIB _dJUS _fJUS _2ddc _n |
||
| 999 |
_c11276 _d11276 |
||